000 00335nam a2200133Ia 4500
008 150301s2015 xx 000 0 und d
082 _a615.1
_bC08C
100 _aS. J CARTER
245 _aCOOPER & GUN'S DISPENSING FOR PHARMACEUTICAL STUDIES
260 _bCBS- DELHI
300 _a759
650 _aPHARMACEUTICS
942 _2ddc
_cBK
_02
999 _c7144
_d7144